Statistics for European Cities with the Biggest Economies

Click here to take the quiz!

General Stats

  • This quiz has been taken 20,676 times
    (20,518 since last reset)
  • The average score is 17 of 21

Answer Stats

GDPCity% Correct
$836 bilLondon
100%
$715 bilParis
99%
$262 bilMadrid
96%
$158 bilBerlin
96%
$163 bilRome
96%
$553 bilMoscow
93%
$171 bilBarcelona
89%
$321 bilAmsterdam / Rotterdam
87%
$312 bilMilan
84%
$143 bilStockholm
84%
$220 bilMunich
84%
$184 bilVienna / Bratislava
81%
$254 bilBrussels
81%
$130 bilAthens
80%
$141 bilWarsaw
79%
$127 bilCopenhagen / Malmö
78%
$230 bilFrankfurt
76%
$161 bilHamburg
67%
$219 bilIstanbul
65%
$121 bilBirmingham
55%
$158 bilStuttgart
29%

Score Distribution

Percentile by Number Answered

Percent of People with Each Score

Your Score History

You have not taken this quiz since the last reset